Dead Countries by Clue - Statistics

General Stats
  • This quiz has been taken 45 times
  • The average score is 9 of 20
Answer Stats
Hint Ended Answer % Correct
Northern part of the UK 1707 Scotland
86%
Formed Germany 1871 / 1947 Prussia
80%
South in the U.S. Civil war 1865 Confederacy
77%
Owned the whole Mediterranean Sea 461 Rome
71%
Major cause of the Mexican-American war 1836 Texas
71%
Lies in the Himalayas and is in China 1951 Tibet
71%
Union formed after WW1 1992 Czechoslovakia
69%
Island chain annexed by the USA 1898 Hawaii
69%
Peninsula in Western France 1789 Brittany
57%
Once unified Peninsula 1910 Korea
51%
Puppet of Japan in WW2 1945 Manchukuo
40%
Once Owned southern Italy and Sicily 1861 Two Sicilys
37%
Owned the most of Southern Mexico 1521 Aztecs
29%
Once Owned most of India 1857 Mughals
26%
Annexed by Germany during WW2 1939 Danzig
23%
Owned most of Iran and Central Asia 1507 Timurids
23%
Russian Khanate that was Islam 1552 Kazan
20%
Small area that became an Indian state 1975 Sikkim
17%
Memed country in eastern Russia 1944 Tannu Tuva
17%
Defeated in the Boer War 1902 Transvaal
14%
No matching quizzes found
Score Distribution
Percent of People with Each Score
Percentile by Number Answered
Your Score History
You have not taken this quiz